00281 a2200133 4500001000700000020002200007040001100029100002900040240002800069245002300097300000700120362000900127440001100136192084 a978-85-260-2238-6 cMagnum aAdruetto, María Teresa10aO país de joãolpor10aO país de joão a550 a2016 1aGlobal